| 000 | 00466nam a2200157 i 4500 | ||
|---|---|---|---|
| 001 | 41270 | ||
| 003 | ES-MaACL | ||
| 005 | 20230906160413.0 | ||
| 007 | t| | ||
| 008 | 030310s1934 sp ||||1| spa d | ||
| 100 | 1 |
_aCarandell Pericay, Juan. _934960 |
|
| 245 | 1 | 0 |
_aAnte dos centenarios que se avecinan _b: el de Boissier y el de Willkomm / _cJuan Carandell Pericay. |
| 260 |
_aMadrid : _b[s.n., _c1934] |
||
| 300 |
_a4 h. ; _c24 cm. |
||
| 852 |
_aES-MaACL _j1816-F-11 |
||
| 999 |
_c41270 _d41270 |
||